| 000 | 01128nam a2200349 a 4500 | ||
|---|---|---|---|
| 001 | 140368 | ||
| 003 | FlNmELB | ||
| 005 | 20241217181355.0 | ||
| 006 | m o d | | ||
| 007 | cr cn||||||||| | ||
| 008 | 201211r2010 sp |||||s|||||||||||spa d | ||
| 020 | _z9788493808501 | ||
| 035 | _a(MiAaPQ)EBC3201573 | ||
| 035 | _a(Au-PeEL)EBL3201573 | ||
| 035 | _a(CaPaEBR)ebr10592538 | ||
| 035 | _a(OCoLC)1010577050 | ||
| 040 |
_aFlNmELB _bspa _cFlNmELB |
||
| 050 | 4 |
_aR117 _bM827 2010 |
|
| 080 | _a61 | ||
| 082 | 0 | 4 |
_a610 _222 |
| 100 | 1 | _aMora Novaro, Orlando. | |
| 245 | 1 | 0 |
_aCosas del saber _h[recurso electronico] / _cOrlando Mora Novaro. |
| 260 |
_a[Madrid] : _b[Editorial Hélice], _c2010. |
||
| 300 | _a126 p. | ||
| 490 | 0 | _aAquí la ciencia | |
| 533 | _aRecurso electrónico. Santa Fe, Arg.: e-libro, 2015. Disponible vía World Wide Web. El acceso puede estar limitado para las bibliotecas afiliadas a e-libro. | ||
| 650 | 4 | _aCiencias médicas. | |
| 650 | 4 | _aMedicine. | |
| 655 | 4 | _aLibros electrónicos. | |
| 710 | 2 | _ae-libro, Corp. | |
| 856 | 4 | 0 | _uhttps://elibro.net/ereader/politecnicointernacional/59574 |
| 999 |
_c140368 _d140368 |
||